Quizzes
Events
Quiz Creation
Community
Videos
Private Events
Remove Ads
Sign In
Join for FREE
Feedback
Dark Mode
Quiz Categories
Sports
Geography
Music
Movies
Television
Just For Fun
Miscellaneous
History
Literature
Language
Science
Gaming
Entertainment
Religion
Holiday
For Kids
Quiz Lab
Recent
Popular Today
Quiz Kudos Today
Editor Picks
Curator Picks
Quizzes by...
Day
Popularity
Type
Ratings
Length
Year
Community
Subscriptions
Recent Discussions
Orange Saloon
Badges
Playlists
Quests
Create
Leaderboards
Showdown
Live 5
Trivia Bingo
Activity
Puzzle Library
Sporcle Events
Private Events
Virtual Trivia
Globe League
Become a Host
Pub Owners
SporcleCon
Opinionation
Our Games
Videos
Blog
Mobile Apps
Partnerships
Remove Ads and Go Orange
Feedback
Sports
Athletes
MLB
NBA
NHL
NFL
Soccer
Sports Teams
WWE
NCAA
Football
Premier League
Basketball
Baseball
Hockey
Golf
Tennis
Cricket
Rugby
Auto Racing
Olympics
World Cup
Sports
Athletes
MLB
NBA
NHL
NFL
Soccer
Sports Teams
WWE
NCAA
Football
Premier League
Basketball
Baseball
Hockey
Golf
Tennis
Cricket
Rugby
Auto Racing
Olympics
World Cup
Random Quiz
Search Sporcle
×
Quiz Lab
Quiz Lab
Sports
Player
Type in answers that appear in a list
Type in answers that appear in a list
Classic
Best Score? Go Orange.
Orioles Second Basemen 1990-1999 Stats
Can you name the Orioles Second Basemen from 1990-1999?
By
Stacey1979
8m
37 Questions
132 Plays
132 Plays
132 Plays
Comments
Comments
Give Quiz Kudos
Give Quiz Kudos
-
- Ratings
hide this ad
Replay
Link that replays current quiz
Next Quiz
Link to next quiz in quiz playlist
You Got
0%
They Got
Avg Score
42%
Avg Friend Score
Upgrade to see
Score Distribution
Jump to the score distribution portion of the page
Score
0/37
Timer
08:00
0
Plays Today
Year
Player
% Correct
1996
Roberto Alomar
90.9%
1997
Roberto Alomar
90.9%
1998
Roberto Alomar
90.9%
1990
Billy Ripken
87.1%
1991
Billy Ripken
87.1%
1992
Billy Ripken
87.1%
1996
Billy Ripken
87.1%
1996
Jeff Reboulet
55.3%
1997
Jeff Reboulet
55.3%
1998
Jeff Reboulet
55.3%
1999
Jeff Reboulet
55.3%
1998
Jerry Hairston
47%
1999
Jerry Hairston
47%
1999
Delino DeShields
46.2%
1992
Mark McLemore
41.7%
1993
Mark McLemore
41.7%
1994
Mark McLemore
41.7%
1990
Tim Hulett
40.2%
1991
Tim Hulett
40.2%
Year
Player
% Correct
1992
Tim Hulett
40.2%
1993
Tim Hulett
40.2%
1994
Tim Hulett
40.2%
1993
Harold Reynolds
39.4%
1995
Bret Barberie
35.6%
1995
Manny Alexander
33.3%
1991
Juan Bell
25%
1995
Jeff Huson
18.9%
1996
Jeff Huson
18.9%
1990
Rene Gonzales
16.7%
1999
Jesse Garcia
11.4%
1997
Aaron Ledesma
10.6%
1999
Rich Amaral
10.6%
1990
Marty Brown
8.3%
1992
Steve Scarsone
7.6%
1998
P.J. Forbes
6.8%
1990
Jeff McKnight
5.3%
1991
Shane Turner
4.5%
Quiz Playlist
Details
Report
Send in Message
Add To Playlist
Classic:
Type in answers that appear in a list
Quiz Source
Last Updated: Feb 16, 2017
Quiz Scoreboard
CHALLENGE
Sign Up to Join the Scoreboard
Show All
Scores
Hide
Comments
May contain spoilers
Recently Published
Alphabetical 'K' Countries by Flag Minefield
by ylime102
Geography
3m
Pick 6: Fruits
by JohnFran
Miscellaneous
15s
Click the 1999 NBA Draft
by nibperrychub
Sports
2m
More to Explore
Quiz From the Vault
Featured Blog Post
15 Basketball Trivia Facts You Can Be March Mad About
hide this ad
You Might Also Like...
Tags
1990s
Baltimore Orioles
basemen
Player
second
Today's Top Quizzes in Sports
Browse Sports
hide this ad
Today's Top Quizzes in Player
Browse Player
Top Contributed Quizzes in Sports
1
Don't Strike Out: 3000 Strikeouts
2
MLB 2 truths and a lie: Hall of Fame pitchers
3
MLB Players with Two .350 Batting Average Seasons
4
Last 10 Members of the 500 HR Club in Order
5
Criteria MLB: Left Handed Sluggers
6
One Time Final Four Teams
7
Millionaire: NBA Finals Edition
8
MLB Teams by First Game
9
Pitchers With Multiple No-Hitters
10
Pick 6: NFL Teams
Explore More
Trending Topics
Crossword
Marvel
Disney
Kpop
NBA
Harry Potter
Anime
NFL
The Office
Pokémon
Puzzle
Song
WWE
Country
Soccer
hide this ad
More By:
Stacey1979
Quiz
Plays
Rating
Category
Featured
Created
Baltimore Orioles Starting Pitchers
484
5.00
Sports
Feb 11, 2010
Orioles Shortstops 1990-1999
324
4.00
Sports
Feb 15, 2010
Orioles Outfielders 1990-1999
191
5.00
Sports
Feb 15, 2010
Orioles Catchers 1990-1999
173
5.00
Sports
Feb 15, 2010
Orioles First Basemen 1990-1999
142
5.00
Sports
Feb 15, 2010
Go to Creator's Profile
Score Distribution
Quiz Creator Spotlight
Stacey1979
Follow
Send a Message
Quizzes Created
-
Created Quiz Play Count
-
More By This Creator
Popular Quizzes Today
1
Find the US States - No Outlines Minefield
2
Countries of Asia Without Outlines Minefield
3
Pick 6: Fruits
4
Alphabetical 'K' Countries by Flag Minefield
5
The Countries of the World
6
Click the 1999 NBA Draft
7
Find the US States
8
Match the Book to the Film X
More Sports Quizzes
2020 European Champions - Bayern Munich
Quiz Lab
Trending Quizzes
Pick 6: Harry Potter
Pick 6: Golfers
Pick 6: Movie Franchises
Pick 6: Foods
Pick 6: Landmarks
Recently Updated
Women's Final Four Teams by Year
bhenderson79
Presidents Quartet II
eogle
Anything But Clue(do)
eogle
Anything But Oceanian Capitals
eogle
Anything But 7
eogle
Anything But Thing
eogle
Word Ladder: February 29
pecheneg
Song Title Questions
pecheneg
Women's NCAA Tournament #1 Seeds
pecheneg
Celebrity Mug Shots
pecheneg
Trending Topics
Anime
Marvel
NBA
Disney
Harry Potter
Kpop
Crossword
NFL
The Office
Soccer
Song
WWE
Country
Pokémon
Puzzle
Your Account Isn't Verified!
In order to create a playlist on Sporcle, you need to verify the email address you used during registration. Go to your
Sporcle Settings
to finish the process.
Report this User
Report this user for behavior that violates our
Community Guidelines
.
Details:
Send Report
Go to the Sporcle.com Mobile Site →
Comments